00615 2200241 4500001002100000005001700021008004100038020001800079035002400097090001500121100001800136245004500154250001100199260003100210300002500241500002700266650002100293850001500314980001300329985000600342986001000348999001500358YOGYA-0209000006285020090227040109.0 ind  a979-413-642-5 0010-020900000062850 a675bPur P aPURNOMO, Eddy aPenyamakan kulit kaki ayamcEddy Purnomo aCet. 1 aYogyakartabKanisiusc1992 a132 hlmbilusc21 cm aBibliografi : hlm. 132 aPenyamakan kulit aYOPDYOG(B) a10-07-06 a1 aMsref a95P0069187